Countries Closest to Norway by first two letters - Statistics

General Stats
  • This quiz has been taken 349 times
  • The average score is 16 of 20
Answer Stats
km country miles % Correct
0 Sweden 0
99%
0 Finland 0
98%
0 Russia 0
95%
110 Denmark 68
94%
327 Germany 203
94%
914 Belarus 568
90%
734 Belgium 456
90%
645 Lithuania 401
89%
554 Estonia 344
88%
599 Latvia 372
87%
494 Netherlands 307
85%
973 Iceland 604
84%
575 Poland 357
84%
293 United Kingdom 182
84%
820 France 509
77%
847 Ireland 526
77%
870 Luxembourg 541
72%
879 Czechia 546
43%
446 Greenland 277
21%
579 Faroe Islands 360
18%
No matching quizzes found
Score Distribution
Percent of People with Each Score
Percentile by Number Answered
Your Score History
You have not taken this quiz